Central Library OPAC University of Rajshahi

Education through art / (Record no. 50951)

MARC details
000 -LEADER
fixed length control field 00749nam a2200253 a 4500
001 - CONTROL NUMBER
control field 50951
003 - CONTROL NUMBER IDENTIFIER
rucl marc code BD-RjUL
005 - DATE AND TIME OF LATEST TRANSACTION
control field 20211209075605.0
008 - FIXED-LENGTH DATA ELEMENTS--GENERAL INFORMATION
fixed length control field 160816s1958 enk 001 0 eng d
035 ## - SYSTEM CONTROL NUMBER
System control number (BD-RjUL)51071
040 ## - CATALOGING SOURCE
Original cataloging agency DLC
Transcribing agency TXR
Modifying agency OCL
-- BD-RjUL
Language of cataloging eng
041 ## - LANGUAGE CODE
Language code of text/sound track or separate title eng
082 ## - DEWEY DECIMAL CLASSIFICATION NUMBER
Classification number 707
Author mark and year REE 1958
100 1# - MAIN ENTRY--PERSONAL NAME
Personal name Read, Herbert,
Dates associated with a name 1893-1968.
9 (RLIN) 141488
245 10 - TITLE STATEMENT
Title Education through art /
Statement of responsibility, etc. by Herbert Read
260 ## - PUBLICATION, DISTRIBUTION, ETC. (IMPRINT)
Place of publication, distribution, etc. London :
Name of publisher, distributor, etc. Faber and Faber,
Date of publication, distribution, etc. 1958
300 ## - PHYSICAL DESCRIPTION
Pagination xxiv, 327 [57] p. :
Illustrations ill. ;
Size 21 cm
504 ## - BIBLIOGRAPHY, ETC. NOTE
Bibliography, etc Includes bibliography and index
650 #0 - SUBJECT ADDED ENTRY--TOPICAL TERM
Topical term or geographic name as entry element Education
General subdivision Philosophy
9 (RLIN) 152490
Topical term or geographic name as entry element Art
General subdivision Psychology
9 (RLIN) 152290
Topical term or geographic name as entry element Art
General subdivision Study and teaching
9 (RLIN) 144211
942 ## - ADDED ENTRY ELEMENTS (KOHA)
Source of classification or shelving scheme Dewey Decimal Classification
Koha item type Books
Holdings
Lost status Source of classification or shelving scheme Damaged status Not for loan Collection code Permanent Location Current Location Shelving location Date acquired Source of acquisition Cost, normal purchase price Total Checkouts Full call number Date last seen Copy number Koha item type
  Dewey Decimal Classification     Non-fiction Central Library, University of Rajshahi Central Library, University of Rajshahi   24/07/1990 Shakat Osman 57.00   707 REE 1943 29/08/2016 C-2 Books